ბათუმის შოთა რუსთაველის სახელმწიფო უნივერსიტეტის ბიბლიოთეკა

Сборник задач по оптимизации. Теория. Примеры. Задачи (ბიბ.ჩანაწერი № 47953)

000 -LEADER
fixed length control field 00640nam a2200193Ia 4500
001 - CONTROL NUMBER
control field 14830
003 - CONTROL NUMBER IDENTIFIER
control field GE_BSU
008 - FIXED-LENGTH DATA ELEMENTS--GENERAL INFORMATION
fixed length control field 181216s||||||||xx |||||||||||||| ||und||
040 ## - CATALOGING SOURCE
Transcribing agency GE_BSU
080 ## - UNIVERSAL DECIMAL CLASSIFICATION NUMBER
Universal Decimal Classification number 517.9(075.8)
100 ## - MAIN ENTRY--PERSONAL NAME
Personal name Алексеев,В.М. Галеев,ЭМ. Тихомиров,В.М.
245 ## - TITLE STATEMENT
Title Сборник задач по оптимизации. Теория. Примеры. Задачи
260 ## - PUBLICATION, DISTRIBUTION, ETC.
Place of publication, distribution, etc. Москва
260 ## - PUBLICATION, DISTRIBUTION, ETC.
Name of publisher, distributor, etc. Наука
260 ## - PUBLICATION, DISTRIBUTION, ETC.
Date of publication, distribution, etc. 1984
300 ## - PHYSICAL DESCRIPTION
Extent 288стр.20см.
653 ## - INDEX TERM--UNCONTROLLED
Uncontrolled term Сборник задач по оптимизации. Теория. Примеры. Задачи
942 ## - ADDED ENTRY ELEMENTS (KOHA)
Koha item type წიგნი
ეგზემპლარები
Withdrawn status Lost status Damaged status Not for loan Date acquired Barcode Date last seen Price effective from Koha item type
        2018-12-17 15275 2018-12-17 2018-12-17 წიგნი